01074nam a2200313Ia 450000500170000000800410001702000180005810000440007624500820012025000180020230000250022049000240024550000420026953400430031165000380035465000420039265000270043465000380046165000370049970000320053694200150056826400280058333600270061133700330063833800280067104000350069908400110073499900150074520220317001510.0161108s2015 s g 000 f s  a97884670394981 aShelley, Mary Wollstonecraftd1797-185110aFrankensteincMary Shelley ; introducción y traducción de José C. Vales a1a. edición a282 páginasc19 cm aAustral : Narrativa aIncluye datos biográficos del autor tFrankenstein, or the Morden Prometheus142LEMBaNovela inglesaySiglo XVIII142LEMBaLiteratura inglesaySiglo XVIII142LEMBaNovela de terror142LEMBaNovela de ciencia ficción142LEMBaMonstruos en la literatura1 aCalles Vales, José974477 2loccBKLIT aBarcelonabEspasac2015 atextobtxt2rdacontent asin mediaciónbn2rdamedia avolumenbnc2rdacarrier aCO-BoRNBPbspaerdacCO-BoRNBP aN SHE1 c7171d7171